000 00381nam a2200145Ia 4500
008 230718s9999 xx 000 0 und d
041 _aEng.
082 _a30
_bتلک-د
100 _aتلک ، پروفسیر فتح محمد
245 0 _aدرسی اردو لغت
260 _aPakistan
_bپر سیر فتح ممر ملک
_c2001
300 _a138
650 _aLaw
999 _c28714
_d28714